In the morning / (Record no. 7170)

MARC details
000 -LEADER
fixed length control field 01143nam a22002657a 4500
001 - CONTROL NUMBER
control field 7170
003 - CONTROL NUMBER IDENTIFIER
control field FISKH
005 - DATE AND TIME OF LATEST TRANSACTION
control field 20250701093559.0
008 - FIXED-LENGTH DATA ELEMENTS--GENERAL INFORMATION
fixed length control field 250701b cb ||||| |||| 00| 0 eng d
020 ## - INTERNATIONAL STANDARD BOOK NUMBER
International Standard Book Number 9780395625699
040 ## - CATALOGING SOURCE
Original cataloging agency FISKH
Language of cataloging eng
Transcribing agency FISKH
Modifying agency FISKH
050 ## - LIBRARY OF CONGRESS CALL NUMBER
Classification number PZ7.M879 I
082 ## - DEWEY DECIMAL CLASSIFICATION NUMBER
Classification number 529
100 ## - MAIN ENTRY--PERSONAL NAME
Personal name Mueller, Virginia
245 ## - TITLE STATEMENT
Title In the morning /
Statement of responsibility, etc. by Virginia Mueller ; illustrated by Diane Jaquith
260 ## - PUBLICATION, DISTRIBUTION, ETC.
Place of publication, distribution, etc. Boston :
Name of publisher, distributor, etc. Houghton Fifflin Comany,
Date of publication, distribution, etc. 1991.
300 ## - PHYSICAL DESCRIPTION
Extent 16 pages :
Other physical details color illustrations ;
Dimensions 28 cm
505 ## - FORMATTED CONTENTS NOTE
Formatted contents note C<br/><br/>
520 ## - SUMMARY, ETC.
Summary, etc. In the Morning is a gentle, poetic picture book that captures the quiet moments of a child's morning routine. Through rhythmic text and soft illustrations, the book explores the calm and comforting aspects of waking up, getting ready for the day, and the simple joys found in morning activities. It's designed to be a soothing read for young children, making it ideal for bedtime or morning storytime.
521 8# - TARGET AUDIENCE NOTE
Target audience note 70<br/>
Source Lexile estimate<br/>
521 8# - TARGET AUDIENCE NOTE
Target audience note C<br/>
Source Raz-Plus<br/>
650 ## - SUBJECT ADDED ENTRY--TOPICAL TERM
Topical term or geographic name entry element Animals
Form subdivision Farm animals
General subdivision Picture book
942 ## - ADDED ENTRY ELEMENTS (KOHA)
Source of classification or shelving scheme Dewey Decimal Classification
Koha item type Books
Suppress in OPAC No
Holdings
Withdrawn status Lost status Source of classification or shelving scheme Damaged status Not for loan Collection Home library Current library Shelving location Date acquired Total Checkouts Full call number Barcode Date last seen Copy number Price effective from Koha item type
    Dewey Decimal Classification     Juvenile Fiction Footprints International School Library Network Toul Kork Campus Footprints International School Library Network Toul Kork Campus TK Primary Library Room(4th Floor), Bookcase 7, Shelves 57-60, Dark Green Books 07/01/2025   MUE 529 PZ7.M879 I FISTKKA033 07/01/2025 1 07/01/2025 Books